| 000 | 01176nam2a2200313 4500 | ||
|---|---|---|---|
| 001 | RU\NLR\bibl\92866 | ||
| 005 | 20250617080315.0 | ||
| 010 |
_a5-7897-00031-4 _910000 |
||
| 021 |
_aRU _b2000-3901 _9193 |
||
| 035 | _a(NLR Aleph) 000090744 | ||
| 090 |
_a509021 _c509021 |
||
| 100 | _a20000619d1999 |||y0rusy50 ca | ||
| 101 | 0 | _arus | |
| 102 | _aRU | ||
| 105 | _aa ||||||||| | ||
| 135 | _acrmn mmmaaada | ||
| 200 | 0 | _aЧ. 3 | |
| 210 |
_d1999 _aБ. м. |
||
| 215 |
_a286,[1] с. _cил., цв. ил., карт. |
||
| 325 | _aКопия доступна в Электрон. б-ке РНБ http://vivaldi.nlr.ru/bv000002252/view | ||
| 461 | 0 |
_1001RU\NLR\bibl\72514 _12001#$aГеография мира$vЧ. 3 _9390009 _aКучер, Т. В. _cМ. _d1999 _fТ.В. Кучер _nРИНО _oМатерики. Страны. Народы : Учеб. : 7 кл. _tГеография мира _vЧ. 3 |
|
| 801 | 0 |
_aRU _bNLR _c20000619 _gPSBO |
|
| 801 | 1 |
_aRU _bNLR _c20000619 |
|
| 852 |
_aNLR _j99-5/4675 |
||
| 942 | _cBOOK | ||
| 980 | _aNB | ||
| 981 | 1 | 3 | _a(13) Документы, защищенные авторским правом |